الجواهري (مولده -حياته _مقتطفات من اشعاره) لاميته الهاشمية في العراق (1947) و في الاردن (1992) / (رقم التسجيلة. 17671)

تفاصيل مارك
000 -LEADER
fixed length control field 00732nam a22002057a 4500
005 - DATE AND TIME OF LATEST TRANSACTION
control field 20251108164928.0
008 - FIXED-LENGTH DATA ELEMENTS--GENERAL INFORMATION
fixed length control field 250721s2010 xx 000 0 ara d
082 14 - DEWEY DECIMAL CLASSIFICATION NUMBER
Classification number 928.11/قدو
100 1# - MAIN ENTRY--PERSONAL NAME
Personal name القدومي، معين وصفي
245 10 - TITLE STATEMENT
Title الجواهري (مولده -حياته _مقتطفات من اشعاره) لاميته الهاشمية في العراق (1947) و في الاردن (1992) /
264 1# - PRODUCTION, PUBLICATION, DISTRIBUTION, MANUFACTURE, AND COPYRIGHT NOTICE
Place of production, publication, distribution, manufacture عمان :
Name of producer, publisher, distributor, manufacturer عماد الدين للنشر والتوزيع،
Date of production, publication, distribution, manufacture, or copyright notice 2010.
300 ## - PHYSICAL DESCRIPTION
Extent 220ص.
650 17 - SUBJECT ADDED ENTRY--TOPICAL TERM
Topical term or geographic name as entry element الشعر العربي
650 17 - SUBJECT ADDED ENTRY--TOPICAL TERM
Topical term or geographic name as entry element العصر الحديث
650 17 - SUBJECT ADDED ENTRY--TOPICAL TERM
Topical term or geographic name as entry element العراق
650 17 - SUBJECT ADDED ENTRY--TOPICAL TERM
Topical term or geographic name as entry element التراجم
650 17 - SUBJECT ADDED ENTRY--TOPICAL TERM
Topical term or geographic name as entry element الشعراء العرب
942 ## - ADDED ENTRY ELEMENTS (KOHA)
Source of classification or shelving scheme Dewey Decimal Classification
Koha item type كتب
المقتنيات
حالة السحب حالة الفقدان مصدر التصنيف حالة التلف غير قابل للإعارة المكتبة الرئيسية المكتبة الحالية موقع الرف تاريخ التزويد الرقم المتسلسل Total Checkouts رقم الإستدعاء الباركود تاريخ آخر ظهور تاريخ الفاتورة نوع المادة (كوها)
    Dewey Decimal Classification     مكتبة أبو علندا العامة مكتبة أبو علندا العامة الإعارة 12/01/2012 1507289   928.11/قدو PLD00237124 28/07/2025 12/01/2012 كتب
    Dewey Decimal Classification     مكتبة أم قصير والمقابلين العامة مكتبة أم قصير والمقابلين العامة الإعارة 12/01/2012 1507283   928.11/قدو PLD00237118 28/07/2025 12/01/2012 كتب
    Dewey Decimal Classification     مكتبة الأميرة ايمان العامة مكتبة الأميرة ايمان العامة الإعارة 12/01/2012 1507287   928.11/قدو PLD00237122 28/07/2025 12/01/2012 كتب
    Dewey Decimal Classification     مكتبة الاميرة بديعة مكتبة الاميرة بديعة الإعارة 12/01/2012 1507285   928.11/قدو PLD00237120 28/07/2025 12/01/2012 كتب
    Dewey Decimal Classification     مكتبة الجويدة مكتبة الجويدة الإعارة 12/01/2012 1507284   928.11/قدو PLD00237119 28/07/2025 12/01/2012 كتب
    Dewey Decimal Classification     مكتبة حمزة العامة مكتبة حمزة العامة الإعارة 12/01/2012 1507288   928.11/قدو PLD00237123 28/07/2025 12/01/2012 كتب
    Dewey Decimal Classification     مكتبة صويلح العامة مكتبة صويلح العامة الإعارة 12/01/2012 1507290   928.11/قدو PLD00237125 28/07/2025 12/01/2012 كتب
    Dewey Decimal Classification     مكتبة وادي السير العامة مكتبة وادي السير العامة الإعارة 12/01/2012 1507286   928.11/قدو PLD00237121 28/07/2025 12/01/2012 كتب
Implemented & Customized by: BBB with SCIT (Smart Chains for Information Technology)

Powered by Koha